000 00695nam a22002297a 4500
003 UA-OsUOA
001 35239
007 ta
008 20051111b un ||||| |||| 00| 0 ukr d
100 _aБутенко Н. П.
090 _a81'374.2
_bБ93
942 _cBK
040 _aUA-OsUOA
_bukr
_cUA-OsUOA
_dUA-OsUOA
245 _aСловник асоціативних норм української мови
300 _a118 с.
955 _a2
041 _aukr
080 _a81'374.2
260 _aЛьвів
_bВища школа
_c1979
650 7 _a8 Мовознавство. Художня література. Літературознавство
_2UDC
999 _c321584
_d321584